| 000 | 01710cam a2200433 4500 | ||
|---|---|---|---|
| 001 | L125884 | ||
| 008 | 040420n2004 000 0 eng u | ||
| 020 | _a0102927626 | ||
| 035 | _a(Sirsi) u125884 | ||
| 041 | _aeng | ||
| 050 |
_a352.4941 _c21 |
||
| 110 |
_aUnited Kingdom _bHM Treasury |
||
| 240 | _a2004 Budget report | ||
| 245 |
_aBudget 2004 _bprudence for a purpose - a Britain of stability and strength : economic and fiscal strategy report and financial statement and budget report |
||
| 260 |
_aLondon _bTSO _c2004 |
||
| 505 | _aOverview | ||
| 505 | _aMaintaining macroeconomic stability | ||
| 505 | _aMeeting the productivity challenge | ||
| 505 | _aIncreasing employment opportunity for all | ||
| 505 | _aBuilding a fairer society | ||
| 505 | _aDelivering high quality public services | ||
| 505 | _aProtecting the environment | ||
| 505 | _aIllustrative long-term fiscal projections | ||
| 505 | _aBudget policy decisions | ||
| 505 | _aThe economy | ||
| 505 | _aThe public finances | ||
| 505 | _aList of abbreviations | ||
| 505 | _aList of tables | ||
| 505 | _aList of charts | ||
| 520 | _aThe full text of the 2004 Budget report, with links to press notices, the budget speech, budget regional documents, associated documents and the Budget 2004 microsite. View at www.hm-treasury.gov.uk | ||
| 650 | _aBUDGET 2004 | ||
| 650 | _aFISCAL POLICY | ||
| 650 | _aECONOMIC POLICY | ||
| 650 | _aTAXATION | ||
| 650 | _aPUBLIC SPENDING | ||
| 690 | _aECONOMIC ISSUES | ||
| 856 |
_uhttps://webarchive.nationalarchives.gov.uk/+/http://www.hm-treasury.gov.uk/bud_bud04_index.htm _zView the 2004 Budget documents at http://webarchive.nationalarchives.gov.uk |
||
| 942 | _n0 | ||
| 999 |
_c103494 _d103494 |
||